00749 2200205 4500001002100000005001700021008004100038035002500079082001200104090002200116100002300138245015300161260006300314300003900377500005300416500002800469650001600497850001200513990001800525YOGYA-0209000007206020150430113751.0 ind  a0010-020900000072060 a350.713 aSK 350.713bKal P aKALIMONTO, Bambang aPeranan Inspekktorat wilayah propinsi dalam rangka pengawasan atas kekayaan milik daerah propinsi Daerah Istimewa Yogyakartacoleh Bambang Kalimonto aYogyakartabFakultas Hukum Universitas Proklamasi 45c1996 avii, 151 lembar :bilus. ;c30 bm. aSkripsi Fakultas Hukum Universitas Proklamasi 45 aBibliografi : lembar 82 aAset negara aYOPDYOG a35944-PD/A.08